000 00485nam a22001697a 4500
999 _c174562
_d174562
005 20200623120419.0
010 _aB-93824
020 _a9788176356749
_c390.00
035 _aB-93824
037 _bLending
082 _a006.6
245 _aAdobe Premiere 6.5:
_bClassroom In a Book /
260 _aNew Delhi
_bTechmedia
_c2004
270 _aMunish Plaza,20,Ansari Road, Darya Ganj
_bNew Delhi
_e110002
300 _a470p.
_c24cm(pbk)
942 _2ddc
_cEN
_h006.6
_mADO